Datum a čas kvízu
22.5
Celkem bodů
Celkový počet nahraných bodů na tomto kvízu bez doplňovacích otázek.
12.
Pořadí na kvízu
Konečné umístění týmu na tomto kvízu.
Zaznamenané odpovědi
| # | Otázka | Odpověď | Body | Výsledky |
|---|---|---|---|---|
| 1. | Nové politické hnutí bývalého... | Martin Kuba; Jihočeský | 0 | |
| 2. | Co neobvyklého našli lékaři v... | dělostřelecký granát | 0 | |
| 3. | Vstup ke které římské památce... | k fontáně di Trevi | 1 | |
| 4. | Která fiktivní postava z fanta... | B) Draco Malfoy | 1 | |
| 5. | Německá olympionička Franziska... | A | 0 | |
| 6. | 17. února 1600 byl na Campo de... | Giordano Bruno | 1 | |
| 7. | 1. ledna 1700 jeden ruský car... | Petr I. Veliký | 0 | |
| 8. | Za kulatý letopočet budeme dne... | Brouček | 1 | |
| 9. | 19. března 1900 se v Paříži na... | Frédéric Joliot-Curie | 0 | |
| 10. | Od 15. září do 1. října 2000 s... | Jan Železný; Sydney | 0 |